000 00427pab a2200157 454500
008 180718b2001-2002 xxu||||| |||| 00| 0 eng d
100 _aBawa, R.S.
245 _aChallenges and opportunities of globalisation-implications for India
260 _c2001-2002
300 _ap.1-8.
362 _aJan-Mar
650 _aGlobalization - India
650 _aGlobalization
773 _aIndian Economic Journal
909 _a52941
999 _c52941
_d52941